000 00999 a2200229 4500
001 246
005 20260407155416.0
008 260407a2008 arg spa d
003 AR-UNSa-BCEJYS
040 _aAR-UNSa-BCEJYS
_bspa
_cAR-UNSa-BCEJYS
080 _a658.3
_xPersonal. Relaciones humanas en la empresa (Recursos Humanos)
245 1 0 _aDesempeño por competencias
_pevaluación de 360º
020 _a978-950-641-540-2
250 _a2a. ed
264 1 _aBuenos Aires :
_bGranica
_c2008
300 _a321 p.
_c23 cm
505 _a1. Evaluación de desempeño 2. Desempeño por competencias 3. Cómo analizar comportamientos 4. La frecuencia en los comportamientos 5. Evaluación de 360º 6. Evaluación de 180º 7. Entranamientos a evaluadores 8. Caso práctico
942 _cBK
590 _aniveau_biblio:m niveau_hierar:0
100 1 _aAlles, Martha Alicia
856 4 1 _uhttps://biblioeco.unsa.edu.ar/pmb/images/libros/Desempe?o por Competencias2-l117533.jpg
_yImagen de portada
_qimage/jpeg
999 _c161
_d161